| 000 | 00469pab a2200169 454500 | ||
|---|---|---|---|
| 008 | 180718b2017 xxu||||| |||| 00| 0 eng d | ||
| 100 | _aTurner, Ian | ||
| 245 | _aArming the police in Britain: a human rights analysis | ||
| 260 | _c2017 | ||
| 300 | _ap.107-127. | ||
| 362 | _aJun | ||
| 650 | _aHuman rights - Great Britain | ||
| 650 | _aPolice - Great Britain | ||
| 650 | _aPolice | ||
| 773 | _aPolice Journal: Theory, Practice and Principles | ||
| 909 | _a115431 | ||
| 999 |
_c115425 _d115425 |
||